Library Banner

Individual support : (Record no. 140437)

MARC details
000 -LEADER
fixed length control field 01262nam a22002417a 4500
005 - DATE AND TIME OF LATEST TRANSACTION
control field 20260408125308.0
008 - FIXED-LENGTH DATA ELEMENTS--GENERAL INFORMATION
fixed length control field 260408s2023 |||||||| |||| 00| 0 eng d
020 ## - INTERNATIONAL STANDARD BOOK NUMBER
International Standard Book Number 9781743767252
040 ## - CATALOGING SOURCE
Transcribing agency PK-LaUMT
082 ## - DEWEY DECIMAL CLASSIFICATION NUMBER
Classification number 613.0438
Item number MOR-I
100 1# - MAIN ENTRY--PERSONAL NAME
Personal name Morton, Wendy
245 10 - TITLE STATEMENT
Title Individual support :
Remainder of title ageing /
Statement of responsibility, etc by Wendy Morton, Nicole Dawson and Lisa Taffe
260 ## - PUBLICATION, DISTRIBUTION, ETC. (IMPRINT)
Place of publication, distribution, etc Sydney :
Name of publisher, distributor, etc McGraw-Hill,
Date of publication, distribution, etc 2023
300 ## - PHYSICAL DESCRIPTION
Extent xvi, 509 p.
500 ## - GENERAL NOTE
General note Index present
520 ## - SUMMARY, ETC.
Summary, etc This exciting new text has been specifically developed for Ageing specialization of the new CHC33021 Certificate III in Individual Support. It is the only text on the market written at this level for students seeking careers in the Aged Care sector, bringing clarity and relevance for this increasingly important area of work. Written with the learner in mind, pedagogical elements, such as Industry in Focus boxes and Workplace Scenarios, are spaced regularly through the chapters to allow the student to see how the material is relevant in the aged care sector and workplace.
546 ## - LANGUAGE NOTE
Language note Eng
650 ## - SUBJECT ADDED ENTRY--TOPICAL TERM
Topical term or geographic name as entry element Older people-care
650 ## - SUBJECT ADDED ENTRY--TOPICAL TERM
Topical term or geographic name as entry element Personal health of older adults
700 1# - ADDED ENTRY--PERSONAL NAME
Personal name Dawson, Nicole
700 1# - ADDED ENTRY--PERSONAL NAME
Personal name Taffe, Lisa
942 ## - ADDED ENTRY ELEMENTS (KOHA)
Koha item type Books
Holdings
Withdrawn status Lost status Damaged status Home library Current library Date acquired Full call number Barcode Date last seen Price effective from Koha item type
      UMT Main Campus UMT Main Campus 2026-04-08 613.0438 MOR-I 152308 2026-04-08 2026-04-08 Books